000 00627nam a2200217Ia 4500
005 20250508164131.0
008 008 250505s9999 xx 000 0 eng d
020 _a0-86377-454-7
037 _aReference
040 _aFEDL
_beng
_cFEDL
041 _aeng
_2eng
084 _a371.9, TOP/RR
_qFEDL
100 _aToppin Keith Ed.
_9777425
245 0 _aRoutledge Falmer reader in inclusive education
260 _aLondon, UK
_bRoutledge Falmer
_c2005
300 _axii,263p.
365 _aGBP
_b22.5
700 _a Maloney Sheelagh Ed.
_9777426
942 _cREF
_h371.9, TOP/RR
999 _c1387239
_d1387239